000 00620cam a2200145 4500500
005 20250928002804.0
041 _afre
042 _adc
100 1 0 _aSénac, Philippe
_eauthor
245 0 0 _aCyrille AILLET, L’archipel ibadite. Une histoire des marges du Maghreb médiéval, CIHAM Éd., Lyon–Avignon, 2021; 1 vol., 582 p. (Mondes médiévaux, 5). ISBN: 978-2-95684-264-4. Price: €45.00
260 _c2025.
500 _a22
786 0 _nLe Moyen Age | CXXXI | 1 | 2025-09-16 | p. 184-187 | 0027-2841
856 4 1 _uhttps://shs.cairn.info/journal-le-moyen-age-2025-1-page-184?lang=en&redirect-ssocas=7080
999 _c1510495
_d1510495